Journal of the Royal Town Planning Institute (Record no. 119075)

MARC details
000 -LEADER
fixed length control field 00586cas a22002055a 4500
001 - CONTROL NUMBER
control field L139195
008 - FIXED-LENGTH DATA ELEMENTS--GENERAL INFORMATION
fixed length control field 070723d19711973xxkmr p 0 a0eng u
022 1# - INTERNATIONAL STANDARD SERIAL NUMBER
International Standard Serial Number 0048-8739
035 ## - SYSTEM CONTROL NUMBER
System control number (Sirsi) u139195
041 0# - LANGUAGE CODE
Language code of text/sound track or separate title eng
110 2# - MAIN ENTRY--CORPORATE NAME
Corporate name or jurisdiction name as entry element Royal Town Planning Institute
9 (RLIN) 1206
245 00 - TITLE STATEMENT
Title Journal of the Royal Town Planning Institute
260 ## - PUBLICATION, DISTRIBUTION, ETC.
Place of publication, distribution, etc. London
Name of publisher, distributor, etc. RTPI
Date of publication, distribution, etc. 1971-1973
362 0# - DATES OF PUBLICATION AND/OR SEQUENTIAL DESIGNATION
Dates of publication and/or sequential designation 57(1) January 1971-58(10) December 1972
554 ## -
-- 10 per year
651 #4 - SUBJECT ADDED ENTRY--GEOGRAPHIC NAME
Geographic name England and Wales
Chronological subdivision 1543-
690 ## - LOCAL SUBJECT ADDED ENTRY--TOPICAL TERM (OCLC, RLIN)
Topical term or geographic name as entry element Planning and development
9 (RLIN) 6259
785 00 - SUCCEEDING ENTRY
Title Planner
International Standard Serial Number 0309-1384
942 ## - ADDED ENTRY ELEMENTS (KOHA)
Suppress in OPAC 0
Holdings
Withdrawn status Lost status Source of classification or shelving scheme Damaged status Not for loan Home library Current library Shelving location Date acquired Total Checkouts Full call number Barcode Date last seen Price effective from Koha item type
    Dewey Decimal Classification     London London Basement 23/07/2007   JOURNAL OF THE ROYAL TOWN PLANNING INST. 139195-1001 06/08/2019 06/08/2019 Journal